=LDR 00000nam 2200000 4500 =001 INLIS000000000036520 =005 20221108071853 =035 ##$$a 0010-061300000036520 =008 221108################g##########0#ind## =041 ##$$a Ind =082 ##$$a 028.5 =090 ##$$a 028.5, Far p =100 ##$$a Farr, Michael =245 1#$$a Pietro maxx : $b Kau takkan bosan kalau ada aku /$c Michael Farr ; alih bahasa, Donna Widjjanto ; editor, Dini Pandia =260 ##$$a Jakarta :$b Gramedia,$c 2010 =300 ##$$a 42 hlm : $b Ilus ; $c 21 cm =650 #4$$a bacaan anak-anak =850 ##$$a NBPNMAT =020 ##$$a 978-979-22-5985-8 =084 ##$$a 028.5 FAR p =990 ##$$a 21102426 =990 ##$$a 21102428 =990 ##$$a 21102427